Alle Länder des Osmanischen Reiches - Statistiken

Allgemein
  • Dieses Quiz wurde 34 mal gespielt
    4 seit der letzten Aktualisierung
  • Das Durchschnittsergebnis liegt bei 31 aus 40
Antwortstatistiken
Antwort % Korrekt
Ägypten
100%
Albanien
100%
Armenien
100%
Aserbaidschan
100%
Bosnien
100%
Georgien
100%
Irak
100%
Iran
100%
Israel
100%
Kosovo
100%
Kroatien
100%
Moldawien
100%
Montenegro
100%
Nordmazedonien
100%
Rumänien
100%
Russland
100%
Saudi-Arabien
100%
Serbien
100%
Ukraine
100%
Algerien
75%
Bulgarien
75%
Griechenland
75%
Jemen
75%
Kuweit
75%
Libanon
75%
Oman
75%
Syrien
75%
Türkei
75%
Ungarn
75%
Jordanien
50%
Katar
50%
Libyen
50%
Marokko
50%
Slowakei
50%
Tunesien
50%
Zypern
50%
Palästina
25%
Sudan
25%
Eritrea
0%
Somalia
0%
Keine übereinstimmenden Quizze gefunden
Verteilung der Resultate
Anzahl Personen mit jedem Resultat
Perzentil nach korrekt beantworteten Fragen
Ihre Resultats-Entwicklung
Sie haben dieses Quiz seit der letzten Aktualisierung nicht gespielt